000 00652cam a2200241ua 4500
001 5715
005 20260515113927.0
008 131008n ii |||gr||||Z||||||asm
020 _a978-93-81784-20-4
040 _cMAIN
082 _a954.162
245 _aAsamar Samajik Aru Arthanaitik Buranji
_cby Anita Sarma
250 _a1st ed.
260 _aJorhat:
_bBidya Bhawan,
_c2012.
300 _a231p.
653 _aHistory
653 _aAsamar Samajik Aru Arthanaitik Buranji
700 _aSarma,Anita,
_eAuthor.
700 _aGoswami,Pankaj,
_eAuthor.,
700 _aGoswami,Gitarani,
_eAuthor.
700 _aBorah,Bhupen,
_eAuthor.
942 _cBK
999 _c4869
_d4869